000 01591nam a2200265 a 4500
001 000002989
005 20260303083219.0
008 090706s19uu dr r 000 0 spa d
040 _aDO-SdBNP
_bspa
_cBNPHU
082 _a322.42
_bJ61c
100 1 _aJimenes Grullón, Juan Isidro,
_d1903-1983
_92482
245 1 3 _aEl camilismo y la revolución dominicana /
_cJuan Isidro Jimenes Grullón.
260 _a[s. l. :
_bs. n. ,
_c19--?].
300 _a169 p. ;
_c20 cm.
504 _aBibliografía : p. 167-168
505 0 _gPrimera parte.
_tIntroducción --
_tEl "Camilismo" : un anacronismo revolucionario --
_tLa teoría político- económico-social --
_tLa táctica política --
_tEl "Camilismo" continental --
_tEl encuentro de cristianismo comprometidos --
_gSegunda parte.
_tEl camilismo dominicano --
_tConvergencias con Camilo Torres --
_tDemocracia, liberalismo y capitalismo --
_tReformismo y socialismo --
_tPosturas antimarxistas --
_tAciertos y desaciertos --
_tEl partidismo y los movimientos populares --
_tTeoría y práctica --
_tDirección y vanguardias --
_tLos tipos de vanguardia --
_tContradicciones y eclecticismo --
_tMetas del movimiento --
_tOrganización y tácticas.
590 _aInventariado, 2018/BT
600 1 4 _aTORRES, CAMILO,
_d1929-1965
_xPENSAMIENTO POLÍTICO Y SOCIAL
_99486
650 4 _aMovimientos revolucionarios
_91376
650 0 _aDemocracia cristiana
_99487
650 4 _aMarxismo y cristianismo
_99488
651 4 _aColombia
_xHistoria
_ySIGLO XX
_99489
651 4 _aRepública Dominicana
_xHistoria
_ySIGLO XX
_99490
910 _aValidado. Control de calidad. MMOLINA
999 _c2821
_d2821